000 00262nam a2200109Ia 4500
008 200302s9999 xx 000 0 und d
100 _aTim Benton & Other
245 _aThe New Objectivity
260 _bThe Open University Press
260 _c1975
300 _a131 P.,
999 _c530
_d530